000 004360000a22001690004500
003 MACL
005 20150704162141.0
008 150704b xxu||||| |||| 00| 0 eng d
040 _aMACL
_cMACL
041 _aEnglish
100 _aRoberts, David
_9697
245 _aHuman insecurity Global Structures of Violence
260 _bBooks For Change
_c2008
_aNew York
350 _a325
650 _aSociology
_919
942 _cBK
_k300/ROB
_2ddc
999 _c42241
_d42241